Paroles : Plus vite - Berywam ft. Bigflo et oli - Statistiques

Statistiques générales
  • Ce quiz a été pris 6 fois
  • Le résultat moyen est 230 sur 453
Statistiques - réponses
Réponse % Correct
à
83%
a
83%
À
83%
de
83%
la
83%
La
83%
vite
83%
ça
67%
ce
67%
des
67%
fait
67%
je
67%
Je
67%
(je
67%
l'amour
67%
le
67%
les
67%
Les
67%
ma
67%
me
67%
mes
67%
Mes
67%
mon
67%
Mon
67%
musique
67%
Pas
67%
pas
67%
que
67%
se
67%
suis
67%
te
67%
amo
50%
au
50%
Au
50%
basse
50%
batterie,
50%
beatbox
50%
boum
50%
c'est
50%
C'est
50%
cœur
50%
concentre
50%
contact
50%
dans
50%
déjà
50%
Demande
50%
demander
50%
d'enceinte,
50%
d'heure
50%
disparu
50%
dit
50%
dois
50%
du
50%
écouteurs,
50%
en
50%
esprit
50%
et
50%
Et
50%
face
50%
fais
50%
Faux
50%
fou
50%
guident
50%
haut
50%
Jamais
50%
"j'écoute
50%
j'écoute
50%
l'abaisser
50%
l'enlever,
50%
ligne
50%
maladie
50%
malheur,
50%
Mélomane,
50%
mélomane,
50%
même
50%
Mémorises
50%
motivent
50%
mots
50%
n'a
50%
non
50%
Obligé
50%
on
50%
par
50%
parleur
50%
plier
50%
plus
50%
Plus
50%
prix
50%
quand
50%
Quand
50%
quarts
50%
qu'elle
50%
qui
50%
Qui
50%
qu'on
50%
rappait
50%
remède
50%
restau
50%
rue
50%
sa
50%
Si
50%
si
50%
sinon
50%
son
50%
sous
50%
sur
50%
tempo
50%
thérapie
50%
tous
50%
tout"
50%
trop
50%
un
50%
une
50%
Une
50%
veut
50%
âme
33%
antidote
33%
armure,
33%
aux
33%
avais
33%
avec
33%
avez
33%
Berywam,
33%
berywam,
33%
bras
33%
calendrier
33%
calqués
33%
casque
33%
catégories,
33%
ceux
33%
chante
33%
chaque
33%
chemins
33%
clavier
33%
comme
33%
course
33%
crié
33%
croches,
33%
croix
33%
depuis
33%
déserte
33%
dessus
33%
devais
33%
dévoile,
33%
disent
33%
double
33%
d'un
33%
d'une
33%
écrous
33%
elle
33%
Elle
33%
elle ?
33%
encrier
33%
Faut
33%
fois
33%
grosse
33%
Hé,
33%
hors
33%
île
33%
imitent
33%
inappropriés
33%
j'ai
33%
j'écoutais
33%
j'en
33%
j'entends
33%
J'étouffe
33%
J'me
33%
jour
33%
lalala
33%
l'émotif
33%
l'émotion
33%
l'entends,
33%
Loin
33%
m'aident
33%
marche
33%
m'échappe,
33%
mélangent
33%
mélodie,
33%
mélodie
33%
mélodie)
33%
mélodies
33%
m'endors
33%
met
33%
m'isoler
33%
Moi
33%
Moi,
33%
moi
33%
môme,
33%
moment
33%
moments
33%
multipiste,
33%
musicà
33%
m'voir
33%
n'ira
33%
noires
33%
notes
33%
nous ?
33%
nouvelle
33%
nuit,
33%
octave
33%
Ok,
33%
otage
33%
ou
33%
oubliés,
33%
pavés
33%
perroquet
33%
Personne
33%
peurs
33%
peut
33%
piano
33%
pique
33%
pose
33%
pour
33%
prend
33%
prends
33%
prise
33%
prisonnier,
33%
pudique
33%
Qu'aurais-je
33%
quelques
33%
question,
33%
redescend
33%
repère,
33%
répète
33%
réponds
33%
réponse
33%
réveille
33%
risque
33%
rythme
33%
sans
33%
savoir ?
33%
semaine
33%
sens
33%
s'entremêlent
33%
seul
33%
s'incruste
33%
sont
33%
suivre
33%
sûrement
33%
suscite,
33%
symphonie,
33%
t'accélères,
33%
tard
33%
tête
33%
tête,
33%
touches
33%
toutes,
33%
triolets
33%
trouve
33%
truc
33%
tu
33%
unique
33%
vais
33%
verse
33%
voiles
33%
voix
33%
voix,
33%
vous
33%
djioup
17%
m'enlacent
17%
poupou
17%
Aucun quiz correspondant
Distribution des résultats
% des personnes avec chaque résultat
Percentile par nombre de réponses
Votre historique - résultats
Vous n’avez pas pris ce quiz